000 01045nam a2200265Ia 4500
003 OSt
005 20221005112023.0
006 a|||||r|||| 00| 0
007 ta
008 221004b |||||||| |||| 00| 0 hin d
020 _a9789385789663 (hbk)
_cINR 500.00
024 _a34403
037 _b133, 14/09/2017, Eastern Book Linkers
_cTextual
040 _aCRL
_cCRL
_bhin
041 _2hin
_ahin
082 _aY:1.2, Q6
100 _aपाण्डेय, बिजेन्द्र, संपा.
245 0 _aभारतीय संस्कृति के विविध संदर्भ
246 _aBhāratīya sanskṛuti ke vividh sandarbha
260 _aवाराणसी
_bमनीष प्रकाशन भारत
_c2016
300 _a172पृ0
_ccm.
650 _aभारतीय संस्कृति
_9157954
942 _hY:1.2, Q6
_cTEXL
_2cc
999 _c1023583
_d1023583